[Event "34th European Club Cup 2018"]
[Site "Halkidiki"]
[Date "2018.10.13"]
[Round "2"]
[White "Paravyan, David"]
[Black "Howell, David W L"]
[Result "1/2-1/2"]
[WhiteElo "2629"]
[BlackElo "2689"]
[Annotator "TA"]
[PlyCount "69"]
[EventDate "2018.10.12"]
[EventType "team-tourn"]
[EventCountry "GRE"]
[SourceTitle "playchess.com"]
[Source "ChessBase"]
[SourceQuality "1"]
[WhiteTeam "Molodezhka"]
[BlackTeam "Valerenga"]

1. e4 e5 2. Nf3 Nc6 3. Bb5 Nf6 4. O-O Nxe4 5. Re1 Nd6 6. Nxe5 Be7 7. Bf1 Nxe5 8. Rxe5 O-O 9. d4 Bf6 10. Re1 Re8 11. Rxe8+ Nxe8 12. d5 d6 13. c3 c6 14. Qf3 cxd5 15. Qxd5 Nc7 16. Qd3 d5 17. Be3 Ne6 18. Nd2 d4 19. cxd4 Bxd4 20. Nc4 Bxe3 21. Qxe3 Nf8 22. g3 Be6 23. Ne5 Qd6 24. Re1 b6 25. b3 Rd8 26. Bc4 Qd2 27. Qxd2 Rxd2 28. Re2 Rxe2 29. Bxe2 f6 30. Nc6 a5 31. f4 Kf7 32. Bf3 Ke8 33. Kf2 Kd7 34. Nd4 Kd6 35. Ke3 1/2-1/2

[Event "34th European Club Cup 2018"]
[Site "Halkidiki"]
[Date "2018.10.13"]
[Round "2"]
[White "Bauer, Christian"]
[Black "Kjartansson, Gudmundur"]
[Result "1/2-1/2"]
[WhiteElo "2626"]
[BlackElo "2428"]
[Annotator "TA"]
[PlyCount "90"]
[EventDate "2018.10.12"]
[EventType "team-tourn"]
[EventCountry "GRE"]
[SourceTitle "playchess.com"]
[Source "ChessBase"]
[SourceQuality "1"]
[WhiteTeam "Zurich"]
[BlackTeam "Reykjavik"]

1. Nf3 Nf6 2. c4 e6 3. b3 c5 4. Bb2 b6 5. g3 Bb7 6. Bg2 Be7 7. O-O O-O 8. Nc3 d6 9. e3 Ne4 10. Ne2 Bf6 11. d4 Qe7 12. Nf4 g6 13. Qc2 Bg7 14. Rad1 Na6 15. Ne1 Nb4 16. Qb1 Nf6 17. d5 e5 18. Ne2 b5 19. a3 Na6 20. e4 Nc7 21. Nd3 Nd7 22. f4 f6 23. Bc3 Ba6 24. Nb2 Rab8 25. Qc2 Rb7 26. Bh3 Rfb8 27. Ba5 bxc4 28. Nxc4 Bxc4 29. Qxc4 exf4 30. gxf4 f5 31. e5 Qh4 32. Bg2 Rxb3 33. Rc1 Ne8 34. Be1 Qg4 35. Ng3 Nxe5 36. fxe5 Qxc4 37. Rxc4 Bxe5 38. Ra4 R8b7 39. Ne2 Nf6 40. Bg3 Bxg3 41. hxg3 Re7 42. Rf3 Rb1+ 43. Rf1 Rb3 44. Rf3 Rb1+ 45. Rf1 Rb3 1/2-1/2

[Event "34th European Club Cup 2018"]
[Site "Halkidiki"]
[Date "2018.10.13"]
[Round "2"]
[White "Vocaturo, Daniele"]
[Black "Baldauf, Marco"]
[Result "1-0"]
[WhiteElo "2615"]
[BlackElo "2472"]
[Annotator "TA"]
[PlyCount "59"]
[EventDate "2018.10.12"]
[EventType "team-tourn"]
[EventCountry "GRE"]
[SourceTitle "playchess.com"]
[Source "ChessBase"]
[SourceQuality "1"]
[WhiteTeam "Padova"]
[BlackTeam "Berlin"]

1. e4 c6 2. d4 d5 3. Nc3 dxe4 4. Nxe4 Bf5 5. Ng3 Bg6 6. h4 h6 7. Nf3 e6 8. Ne5 Bh7 9. Bd3 Bxd3 10. Qxd3 Nd7 11. Qe2 Ngf6 12. Bd2 c5 13. Nxd7 Qxd7 14. dxc5 Bxc5 15. O-O-O Qa4 16. Bc3 O-O 17. Bxf6 Qf4+ 18. Kb1 Qxf6 19. Ne4 Qe5 20. f4 Qc7 21. g4 Rac8 22. g5 Qxf4 23. Rhf1 Qe3 24. Qg2 Rfd8 25. Rde1 Qd4 26. gxh6 Bf8 27. Ng5 Rd5 28. h7+ Kh8 29. Nxf7+ Kxh7 30. Ng5+ 1-0

[Event "34th European Club Cup 2018"]
[Site "Halkidiki"]
[Date "2018.10.13"]
[Round "2"]
[White "Romanov, Evgeny"]
[Black "Antipov, Mikhail Al."]
[Result "1-0"]
[WhiteElo "2614"]
[BlackElo "2593"]
[Annotator "TA"]
[PlyCount "53"]
[EventDate "2018.10.12"]
[EventType "team-tourn"]
[EventCountry "GRE"]
[SourceTitle "playchess.com"]
[Source "ChessBase"]
[SourceQuality "1"]
[WhiteTeam "Valerenga"]
[BlackTeam "Molodezhka"]

1. c4 c6 2. e4 d5 3. exd5 cxd5 4. d4 Nf6 5. Nc3 e6 6. c5 Be7 7. Bb5+ Bd7 8. Bxd7+ Nfxd7 9. b4 Bf6 10. Nge2 Nc6 11. Rb1 O-O 12. O-O Re8 13. Nb5 Be7 14. Bf4 e5 15. dxe5 Ndxe5 16. Nbc3 d4 17. Bxe5 d3 18. Bg3 dxe2 19. Nxe2 a5 20. b5 Nb4 21. a3 Nd5 22. c6 bxc6 23. bxc6 Bxa3 24. c7 Nxc7 25. Qxd8 Raxd8 26. Bxc7 Rd7 27. Bxa5 1-0

[Event "34th European Club Cup 2018"]
[Site "Halkidiki"]
[Date "2018.10.13"]
[Round "2"]
[White "Donchenko, Alexander"]
[Black "Petenyi, Tamas"]
[Result "1-0"]
[WhiteElo "2610"]
[BlackElo "2444"]
[Annotator "TA"]
[PlyCount "93"]
[EventDate "2018.10.12"]
[EventType "team-tourn"]
[EventCountry "GRE"]
[SourceTitle "playchess.com"]
[Source "ChessBase"]
[SourceQuality "1"]
[WhiteTeam "Aachen"]
[BlackTeam "Dunajska Streda"]

1. d4 g6 2. c4 Bg7 3. g3 d6 4. Bg2 Nf6 5. Nc3 O-O 6. Nf3 Nc6 7. O-O a6 8. b3 Rb8 9. d5 Na7 10. Bg5 c5 11. a4 b6 12. Qd2 Bg4 13. Ne1 Qd7 14. Bh6 Bh3 15. Bxg7 Kxg7 16. Bxh3 Qxh3 17. e4 Rb7 18. Nd3 b5 19. f3 bxc4 20. bxc4 Rfb8 21. Rab1 e5 22. Rxb7 Rxb7 23. Nb1 Qd7 24. Qc2 Nc8 25. Nd2 Qc7 26. Qc3 Nd7 27. a5 f6 28. f4 Ne7 29. Kg2 Ng8 30. g4 Nh6 31. g5 fxg5 32. fxg5 Nf7 33. h4 Kg8 34. Nf2 h5 35. gxh6 Nxh6 36. Qe3 Kg7 37. Nh3 Ng4 38. Qg5 Ndf6 39. h5 Qxa5 40. Nf3 Rb2+ 41. Rf2 Qa2 42. Qxg6+ Kf8 43. Rxb2 Qxb2+ 44. Kg3 Qc1 45. Nhg5 Qf4+ 46. Kg2 Ne3+ 47. Kh1 1-0

[Event "34th European Club Cup 2018"]
[Site "Halkidiki"]
[Date "2018.10.13"]
[Round "2"]
[White "Roiz, Michael"]
[Black "Kaczmarczyk, Dennis"]
[Result "1/2-1/2"]
[WhiteElo "2607"]
[BlackElo "2442"]
[Annotator "TA"]
[PlyCount "87"]
[EventDate "2018.10.12"]
[EventType "team-tourn"]
[EventCountry "GRE"]
[SourceTitle "playchess.com"]
[Source "ChessBase"]
[SourceQuality "1"]
[WhiteTeam "Beer Sheva"]
[BlackTeam "Winterthur"]

1. Nf3 d5 2. g3 c6 3. Bg2 Bg4 4. h3 Bh5 5. O-O e6 6. d3 Nf6 7. c4 Bd6 8. Nc3 O-O 9. Qb3 Qc7 10. d4 Bxf3 11. Bxf3 Nbd7 12. Bg2 Rfe8 13. Rd1 Qb6 14. e3 Qb4 15. c5 Qxb3 16. axb3 Bc7 17. b4 a6 18. f4 Kf8 19. Bd2 Ng8 20. g4 f5 21. g5 h5 22. Bf3 g6 23. Ne2 Ne7 24. Nc1 Rad8 25. Nb3 Nb8 26. Kf2 Nc8 27. Be2 Kf7 28. Nc1 Rh8 29. Ra3 Rhe8 30. Na2 Na7 31. Nc3 Rd7 32. Rda1 Bd8 33. Na2 Kg7 34. Nc1 Bc7 35. Nd3 Red8 36. Rb3 Re8 37. Ke1 Kf7 38. Kd1 Rde7 39. Kc2 Rc8 40. Ne1 Rh8 41. Nf3 Rg8 42. Rba3 Rh8 43. Bc3 Rg8 44. R3a2 1/2-1/2

[Event "34th European Club Cup 2018"]
[Site "Halkidiki"]
[Date "2018.10.13"]
[Round "2"]
[White "Vuckovic, Bojan"]
[Black "Rodshtein, Maxim"]
[Result "0-1"]
[WhiteElo "2588"]
[BlackElo "2674"]
[Annotator "TA"]
[PlyCount "82"]
[EventDate "2018.10.12"]
[EventType "team-tourn"]
[EventCountry "GRE"]
[SourceTitle "playchess.com"]
[Source "ChessBase"]
[SourceQuality "1"]
[WhiteTeam "Itaka"]
[BlackTeam "St.Petersburg"]

1. e4 c5 2. Nf3 d6 3. d4 cxd4 4. Nxd4 Nf6 5. Nc3 a6 6. h3 e5 7. Nde2 h5 8. Bg5 Be6 9. Bxf6 Qxf6 10. Nd5 Qd8 11. Qd3 Nd7 12. Nec3 g6 13. O-O-O Nc5 14. Qf3 Bg7 15. Kb1 b5 16. g4 Kf8 17. gxh5 Rxh5 18. Rg1 Kg8 19. Rg3 Rh4 20. a3 Rb8 21. Bd3 Na4 22. Nxa4 Bxd5 23. Nc5 Rf4 24. Qe3 dxc5 25. exd5 Qxd5 26. Rdg1 Rb6 27. c3 Rbf6 28. Rd1 Rxf2 29. Be2 Qe6 30. h4 Qf5+ 31. Ka2 Qf4 32. Rd8+ Kh7 33. h5 g5 34. h6 Bxh6 35. Bd3+ e4 36. Bxe4+ Kg7 37. Bd3 Qxe3 38. Rxe3 c4 39. Be2 Rh2 40. Ree8 Rff2 41. Rg8+ Kf6 0-1

[Event "34th European Club Cup 2018"]
[Site "Halkidiki"]
[Date "2018.10.13"]
[Round "2"]
[White "Mikhalevski, Victor"]
[Black "Schiendorfer, Emanuel"]
[Result "1-0"]
[WhiteElo "2565"]
[BlackElo "2310"]
[Annotator "ChessBase"]
[PlyCount "79"]
[EventDate "2018.10.12"]
[EventType "team-tourn"]
[EventCountry "GRE"]
[SourceTitle "playchess.com"]
[Source "ChessBase"]
[SourceQuality "1"]
[WhiteTeam "Beer Sheva"]
[BlackTeam "Winterthur"]

1. Nf3 d5 2. c4 e6 3. g3 Nf6 4. Bg2 d4 5. O-O c5 6. e3 Nc6 7. exd4 cxd4 8. d3 Bd6 9. Na3 O-O 10. Nc2 e5 11. b4 Re8 12. c5 Bc7 13. Bg5 h6 14. Bxf6 Qxf6 15. Nd2 Qg6 16. b5 Ne7 17. Nc4 Be6 18. Re1 Bxc4 19. dxc4 Ba5 20. Re4 Rac8 21. Ne1 Qe6 22. Nd3 Bc3 23. Rxe5 Qxc4 24. Rb1 Ng6 25. Rh5 Rcd8 26. Bxb7 Re7 27. Bg2 Qxa2 28. b6 axb6 29. cxb6 Re2 30. Bf1 Rd2 31. Qb3 Qxb3 32. Rxb3 Ne7 33. Rc5 Rb8 34. b7 f6 35. Rc7 Kf7 36. Nc5 Ba5 37. Rxe7+ Kxe7 38. Na6 Rd8 39. b8=Q Rxb8 40. Rxb8 1-0

[Event "34th European Club Cup 2018"]
[Site "Halkidiki"]
[Date "2018.10.13"]
[Round "2"]
[White "Yuffa, Daniil"]
[Black "Predojevic, Borki"]
[Result "0-1"]
[WhiteElo "2563"]
[BlackElo "2616"]
[Annotator "TA"]
[PlyCount "86"]
[EventDate "2018.10.12"]
[EventType "team-tourn"]
[EventCountry "GRE"]
[SourceTitle "playchess.com"]
[Source "ChessBase"]
[SourceQuality "1"]
[WhiteTeam "Molodezhka"]
[BlackTeam "Valerenga"]

1. d4 Nf6 2. c4 e6 3. g3 d5 4. Bg2 dxc4 5. Nf3 Bb4+ 6. Bd2 a5 7. O-O O-O 8. Bg5 h6 9. Bxf6 Qxf6 10. Qc2 Nd7 11. Qxc4 e5 12. Nc3 c6 13. a3 Be7 14. e3 Rd8 15. Qb3 exd4 16. exd4 Ra6 17. Rfe1 Nb6 18. Ne4 Qf5 19. Rac1 a4 20. Qe3 Nd5 21. Qe2 Be6 22. Nc5 Bxc5 23. dxc5 Nc7 24. Ne5 Raa8 25. Be4 Qf6 26. Nc4 Bxc4 27. Rxc4 Ne6 28. Kg2 Rd4 29. Rxd4 Qxd4 30. Rd1 Qf6 31. Rd6 Re8 32. Bd3 Rd8 33. Bc4 Kf8 34. Bxe6 Rxd6 35. cxd6 Qxe6 36. Qxe6 fxe6 37. Kf3 Ke8 38. Kg4 c5 39. Kf4 Kd7 40. Ke5 b5 41. f4 c4 42. Kd4 Kxd6 43. g4 g5 0-1

[Event "34th European Club Cup 2018"]
[Site "Halkidiki"]
[Date "2018.10.13"]
[Round "2"]
[White "Brunello, Sabino"]
[Black "Polzin, Rainer"]
[Result "1-0"]
[WhiteElo "2548"]
[BlackElo "2397"]
[Annotator "ChessBase"]
[PlyCount "77"]
[EventDate "2018.10.12"]
[EventType "team-tourn"]
[EventCountry "GRE"]
[SourceTitle "playchess.com"]
[Source "ChessBase"]
[SourceQuality "1"]
[WhiteTeam "Padova"]
[BlackTeam "Berlin"]

1. d4 Nf6 2. c4 g6 3. Nc3 Bg7 4. e4 d6 5. h3 O-O 6. Be3 Na6 7. g4 e5 8. d5 Nc5 9. Bg2 a5 10. Nge2 Ne8 11. Ng3 Bf6 12. Qd2 Bh4 13. O-O-O Ng7 14. Nge2 f6 15. f4 exf4 16. Bxf4 Nd7 17. Nd4 Bg5 18. Bxg5 fxg5 19. Nf3 Qe7 20. Rhf1 h6 21. Rde1 Rf4 22. Ne2 Rf8 23. Qc3 a4 24. e5 dxe5 25. Ng3 Rf4 26. Nxe5 Nxe5 27. Rxe5 Qf8 28. Rxf4 gxf4 29. Ne4 Bd7 30. Bf3 b6 31. h4 Rd8 32. g5 h5 33. Nf6+ Kh8 34. Be4 Qf7 35. Qa3 Bg4 36. Re7 Qf8 37. Bxg6 f3 38. Rf7 Qxa3 39. bxa3 1-0

[Event "34th European Club Cup 2018"]
[Site "Halkidiki"]
[Date "2018.10.13"]
[Round "2"]
[White "Lomasov, Semyon"]
[Black "Lie, Kjetil A."]
[Result "1/2-1/2"]
[WhiteElo "2540"]
[BlackElo "2537"]
[Annotator "TA"]
[PlyCount "106"]
[EventDate "2018.10.12"]
[EventType "team-tourn"]
[EventCountry "GRE"]
[SourceTitle "playchess.com"]
[Source "ChessBase"]
[SourceQuality "1"]
[WhiteTeam "Molodezhka"]
[BlackTeam "Valerenga"]

1. e4 c5 2. Nf3 Nc6 3. d4 cxd4 4. Nxd4 g6 5. Nc3 Bg7 6. Be3 Nf6 7. Bc4 O-O 8. Bb3 Re8 9. O-O d6 10. h3 Na5 11. f4 b6 12. e5 Nxb3 13. axb3 dxe5 14. fxe5 Nd5 15. Qf3 Nxe3 16. Qxe3 Bb7 17. Rae1 Qc7 18. Ndb5 Qc6 19. Rf2 a6 20. Nd4 Qc7 21. Nf3 Bxf3 22. gxf3 Red8 23. f4 Rac8 24. h4 f5 25. h5 Qc5 26. hxg6 hxg6 27. Qg3 Rd2 28. Ree2 Rxe2 29. Nxe2 Kf7 30. c3 Rh8 31. Nd4 Qd5 32. Rg2 Rh6 33. Qf3 Qxf3 34. Nxf3 Ke8 35. Kf2 e6 36. Ke3 Bf8 37. b4 Be7 38. b3 a5 39. bxa5 bxa5 40. Ra2 Bd8 41. b4 axb4 42. cxb4 Rh1 43. Ra8 Kd7 44. Ra7+ Kc8 45. Ra8+ Kd7 46. Ra7+ Kc8 47. Ra6 Rb1 48. Nd4 Rxb4 49. Ra8+ Rb8 50. Rxb8+ Kxb8 51. Nxe6 Be7 52. Kd4 Kc8 53. Kd5 Kd7 1/2-1/2

[Event "34th European Club Cup 2018"]
[Site "Halkidiki"]
[Date "2018.10.13"]
[Round "2"]
[White "Chanda, Sandipan"]
[Black "Babula, Vlastimil"]
[Result "1-0"]
[WhiteElo "2535"]
[BlackElo "2522"]
[Annotator "TA"]
[PlyCount "79"]
[EventDate "2018.10.12"]
[EventType "team-tourn"]
[EventCountry "GRE"]
[SourceTitle "playchess.com"]
[Source "ChessBase"]
[SourceQuality "1"]
[WhiteTeam "Solingen"]
[BlackTeam "Bremen"]

1. d4 Nf6 2. c4 e6 3. Nc3 Bb4 4. e3 O-O 5. Bd2 d5 6. Nf3 b6 7. cxd5 exd5 8. Rc1 Bb7 9. Bd3 Be7 10. O-O c5 11. Ne5 Nc6 12. Be1 g6 13. Qa4 Nxe5 14. dxe5 Nd7 15. f4 c4 16. Be2 Nc5 17. Qd1 f6 18. e4 Nd3 19. Bxd3 cxd3 20. Qxd3 dxe4 21. Qc4+ Kh8 22. Bf2 fxe5 23. Rfd1 Qc8 24. Qxc8 Bxc8 25. Nd5 Bd8 26. fxe5 Be6 27. Be3 Rc8 28. Rxc8 Bxc8 29. Bh6 Rf7 30. Nf6 Be7 31. Nxe4 Bg4 32. Rc1 Kg8 33. h3 Bf5 34. g4 Bxe4 35. Rc8+ Rf8 36. Bxf8 Bxf8 37. e6 Kg7 38. Rc7+ Kf6 39. Rf7+ Kxe6 40. Rxf8 1-0

[Event "34th European Club Cup 2018"]
[Site "Halkidiki"]
[Date "2018.10.13"]
[Round "2"]
[White "Noe, Christopher"]
[Black "Vedder, Henk"]
[Result "1/2-1/2"]
[WhiteElo "2530"]
[BlackElo "2336"]
[Annotator "ChessBase"]
[PlyCount "105"]
[EventDate "2018.10.12"]
[EventType "team-tourn"]
[EventCountry "GRE"]
[SourceTitle "playchess.com"]
[Source "ChessBase"]
[SourceQuality "1"]
[WhiteTeam "Echternach"]
[BlackTeam "En Passant"]

1. d4 e6 2. c4 f5 3. Nc3 Nf6 4. g3 d5 5. Bg2 c6 6. Nf3 Bd6 7. Bf4 Bxf4 8. gxf4 O-O 9. e3 Nbd7 10. Qc2 b6 11. Ne5 Nxe5 12. dxe5 Ne4 13. Bxe4 fxe4 14. h4 Ba6 15. O-O-O Qe7 16. h5 b5 17. Rhg1 bxc4 18. Rg3 Rab8 19. Rdg1 Rf7 20. f3 exf3 21. Rxf3 Kh8 22. Rfg3 c5 23. Rg6 Bb7 24. Nb5 Qh4 25. Nd6 Re7 26. R6g4 Qh3 27. R4g3 Qxh5 28. Qg2 d4 29. e4 Qh6 30. Rg5 g6 31. Rh1 Qf8 32. Rh4 c3 33. bxc3 Ba6 34. c4 Qd8 35. Rh3 Qa5 36. Qf2 Bxc4 37. Nxc4 Reb7 38. Rxh7+ Kxh7 39. Qh4+ Kg7 40. Rxg6+ Kxg6 41. Qg5+ Kh7 42. Qh5+ Kg7 43. Nxa5 Rb1+ 44. Kc2 R8b2+ 45. Kd3 Rc1 46. Qg5+ Kh7 47. Qe7+ Kh8 48. Qf6+ Kh7 49. Qf7+ Kh8 50. Qh5+ Kg7 51. Qg5+ Kh7 52. Qh5+ Kg7 53. Qg5+ 1/2-1/2

[Event "34th European Club Cup 2018"]
[Site "Halkidiki"]
[Date "2018.10.13"]
[Round "2"]
[White "Demuth, Adrien"]
[Black "Kosic, Dragan"]
[Result "0-1"]
[WhiteElo "2529"]
[BlackElo "2470"]
[Annotator "TA"]
[PlyCount "70"]
[EventDate "2018.10.12"]
[EventType "team-tourn"]
[EventCountry "GRE"]
[SourceTitle "playchess.com"]
[Source "ChessBase"]
[SourceQuality "1"]
[WhiteTeam "KGSRL"]
[BlackTeam "Sloven Ruma"]

1. d4 e6 2. c4 Bb4+ 3. Bd2 Bxd2+ 4. Qxd2 Nf6 5. g3 O-O 6. Bg2 d5 7. Nf3 b6 8. O-O c5 9. dxc5 bxc5 10. Nc3 Bb7 11. cxd5 exd5 12. Nh4 Qd7 13. Rfd1 d4 14. Bxb7 Qxb7 15. Na4 Nbd7 16. Rac1 Rfe8 17. b3 Re5 18. Nf3 Rh5 19. b4 cxb4 20. Rc4 a5 21. Rxd4 Nf8 22. Qd3 Re8 23. Rd6 h6 24. Rb6 Qd7 25. Qxd7 N8xd7 26. Rb7 Rxe2 27. g4 Rh3 28. Kg2 Rxf3 29. Kxf3 Rxa2 30. Nb6 Ne5+ 31. Kg3 Nexg4 32. Nd7 g6 33. f3 Nh5+ 34. Kxg4 Rg2+ 35. Kh4 Rxh2+ 0-1

[Event "34th European Club Cup 2018"]
[Site "Halkidiki"]
[Date "2018.10.13"]
[Round "2"]
[White "Werle, Jan"]
[Black "Andersen, Mads"]
[Result "1/2-1/2"]
[WhiteElo "2527"]
[BlackElo "2597"]
[Annotator "TA"]
[PlyCount "67"]
[EventDate "2018.10.12"]
[EventType "team-tourn"]
[EventCountry "GRE"]
[SourceTitle "playchess.com"]
[Source "ChessBase"]
[SourceQuality "1"]
[WhiteTeam "Bremen"]
[BlackTeam "Solingen"]

1. d4 Nf6 2. c4 g6 3. Nc3 d5 4. cxd5 Nxd5 5. e4 Nxc3 6. bxc3 Bg7 7. Nf3 c5 8. Be3 Qa5 9. Qd2 O-O 10. Rb1 b6 11. Rb5 Qa4 12. Rb3 Ba6 13. Bxa6 Qxa6 14. Qe2 Rc8 15. Qxa6 Nxa6 16. Kd2 e6 17. Rhb1 cxd4 18. cxd4 Rc4 19. Ra3 Nb4 20. Rc3 Rxc3 21. Kxc3 Nc6 22. Kc4 Rd8 23. g4 f5 24. gxf5 gxf5 25. exf5 exf5 26. Rg1 Kf8 27. Rg5 Ne7 28. Rh5 Kg8 29. a4 a6 30. Bg5 Rc8+ 31. Kd3 Nc6 32. Bd2 Rd8 33. Bc3 Rd5 34. Kc4 1/2-1/2

[Event "34th European Club Cup 2018"]
[Site "Halkidiki"]
[Date "2018.10.13"]
[Round "2"]
[White "Burg, Twan"]
[Black "Papadopoulos, Argirios"]
[Result "1-0"]
[WhiteElo "2517"]
[BlackElo "2213"]
[Annotator "TA"]
[PlyCount "39"]
[EventDate "2018.10.12"]
[EventType "team-tourn"]
[EventCountry "GRE"]
[SourceTitle "playchess.com"]
[Source "ChessBase"]
[SourceQuality "1"]
[WhiteTeam "Echiquier Amaytois"]
[BlackTeam "Chania CA"]

1. e4 e5 2. Nf3 Nc6 3. d4 exd4 4. Nxd4 Bc5 5. Nb3 Bb6 6. Qe2 Nf6 7. e5 Nd5 8. c4 Nde7 9. c5 Ba5+ 10. Nxa5 Nxa5 11. Nc3 d6 12. exd6 cxd6 13. Bf4 O-O 14. Bxd6 Re8 15. O-O-O Nf5 16. Bf4 Bd7 17. Qd2 Be6 18. Qxd8 Raxd8 19. Rxd8 Rxd8 20. Bc7 1-0

[Event "34th European Club Cup 2018"]
[Site "Halkidiki"]
[Date "2018.10.13"]
[Round "2"]
[White "Jakubiec, Artur"]
[Black "Ruchko, Denis"]
[Result "1-0"]
[WhiteElo "2508"]
[BlackElo "1908"]
[Annotator "TA"]
[PlyCount "115"]
[EventDate "2018.10.12"]
[EventType "team-tourn"]
[EventCountry "GRE"]
[SourceTitle "playchess.com"]
[Source "ChessBase"]
[SourceQuality "1"]
[WhiteTeam "Wirtzfeld"]
[BlackTeam "Ballinasloe"]

1. f4 d5 2. Nf3 Nf6 3. g3 g6 4. Bg2 Bg7 5. O-O O-O 6. d3 Nc6 7. c3 Qd6 8. Na3 e5 9. fxe5 Nxe5 10. Nxe5 Qxe5 11. Bf4 Qh5 12. e4 Bg4 13. Qc2 c6 14. Rae1 Rfe8 15. exd5 Nxd5 16. Bc1 Re6 17. Rxe6 Bxe6 18. Bf3 Bg4 19. Qf2 Bxf3 20. Qxf3 Qxf3 21. Rxf3 Re8 22. Kf1 Nb6 23. g4 f5 24. gxf5 Rf8 25. Ke2 Rxf5 26. Rxf5 gxf5 27. Nc2 Kf7 28. Ne1 a5 29. d4 Nd7 30. Nd3 Bf8 31. Bf4 Ke6 32. Kf3 b5 33. Bc7 a4 34. Nf4+ Kf6 35. b3 axb3 36. axb3 Bh6 37. Bd8+ Kf7 38. Bc7 Kf6 39. h3 Nf8 40. Bd8+ Kf7 41. Nd3 Nd7 42. Ke2 Ke6 43. Bc7 Nf6 44. Nc5+ Ke7 45. Kd3 Nd5 46. Bg3 Nf4+ 47. Bxf4 Bxf4 48. c4 bxc4+ 49. bxc4 Bd6 50. Nb3 Bc7 51. Ke3 Ke6 52. Nc1 Kf6 53. Nd3 Kg5 54. Nb4 c5 55. dxc5 Bh2 56. c6 Kh4 57. Kf3 Kxh3 58. Nd5 1-0

[Event "34th European Club Cup 2018"]
[Site "Halkidiki"]
[Date "2018.10.13"]
[Round "2"]
[White "Mastrovasilis, Athanasios"]
[Black "Danchevski, Orce"]
[Result "1-0"]
[WhiteElo "2503"]
[BlackElo "2358"]
[Annotator "TA"]
[PlyCount "127"]
[EventDate "2018.10.12"]
[EventType "team-tourn"]
[EventCountry "GRE"]
[SourceTitle "playchess.com"]
[Source "ChessBase"]
[SourceQuality "1"]
[WhiteTeam "Thessalonikis"]
[BlackTeam "Asseco SEE"]

1. d4 Nf6 2. Nf3 e6 3. c4 d5 4. Nc3 Be7 5. Bg5 O-O 6. e3 h6 7. Bh4 Ne4 8. Bxe7 Qxe7 9. Rc1 c6 10. Bd3 Nxc3 11. Rxc3 Nd7 12. cxd5 exd5 13. Qb1 Nf6 14. O-O Ne4 15. Bxe4 dxe4 16. Nd2 Re8 17. Rc5 Qh4 18. b4 Bd7 19. a4 Rad8 20. Rfc1 Re7 21. Nf1 Be8 22. Ng3 g6 23. Re5 f5 24. Rcc5 b6 25. Rxe7 Qxe7 26. Re5 Qf6 27. Qf1 Qd6 28. Qe1 Bf7 29. h4 h5 30. Ne2 Bb3 31. Qc3 Bf7 32. Nf4 Re8 33. a5 Rb8 34. Kh2 Kh7 35. axb6 axb6 36. Qa1 Qc7 37. Qa3 Kh6 38. Kg1 Bg8 39. Qa1 Bf7 40. Nh3 Bc4 41. Ng5 Qg7 42. Qc1 b5 43. Qa3 Qb7 44. Qc1 Ra8 45. f3 Ra2 46. fxe4 fxe4 47. Qe1 Qd7 48. Qg3 Qg4 49. Re7 Bg8 50. Qxg4 hxg4 51. Nxe4 g3 52. Nxg3 Rb2 53. Ne4 Bd5 54. Nf6 g5 55. e4 Bc4 56. h5 g4 57. e5 Bd3 58. Kh2 Rxb4 59. e6 Kg5 60. Rf7 Bc4 61. Ne4+ Kh4 62. Rf6 Bd5 63. e7 Bxe4 64. e8=Q 1-0

[Event "34th European Club Cup 2018"]
[Site "Halkidiki"]
[Date "2018.10.13"]
[Round "2"]
[White "Markgraf, Alexander"]
[Black "Naumann, Alexander"]
[Result "1/2-1/2"]
[WhiteElo "2502"]
[BlackElo "2546"]
[Annotator "TA"]
[PlyCount "61"]
[EventDate "2018.10.12"]
[EventType "team-tourn"]
[EventCountry "GRE"]
[SourceTitle "playchess.com"]
[Source "ChessBase"]
[SourceQuality "1"]
[WhiteTeam "Bremen"]
[BlackTeam "Solingen"]

1. e4 e5 2. Nf3 Nc6 3. Bb5 a6 4. Ba4 Nf6 5. O-O Nxe4 6. d4 b5 7. Bb3 d5 8. dxe5 Be6 9. c3 Bc5 10. Qe2 O-O 11. Be3 Qe7 12. Nbd2 Bxe3 13. Qxe3 Nxd2 14. Nxd2 Rad8 15. Bc2 f6 16. exf6 Qxf6 17. Nf3 Bf5 18. Bxf5 Qxf5 19. Rfe1 Rd6 20. Rad1 Qf4 21. Qxf4 Rxf4 22. Re8+ Rf8 23. Rde1 d4 24. cxd4 Nxd4 25. Nxd4 Rxd4 26. R8e7 Rf7 27. Re8+ Rf8 28. R8e7 Rf7 29. Re8+ Rf8 30. R8e7 Rf7 31. Re8+ 1/2-1/2

[Event "34th European Club Cup 2018"]
[Site "Halkidiki"]
[Date "2018.10.13"]
[Round "2"]
[White "Ladva, Ottomar"]
[Black "Thybo, Jesper Sondergaard"]
[Result "1/2-1/2"]
[WhiteElo "2500"]
[BlackElo "2496"]
[Annotator "TA"]
[PlyCount "95"]
[EventDate "2018.10.12"]
[EventType "team-tourn"]
[EventCountry "GRE"]
[SourceTitle "playchess.com"]
[Source "ChessBase"]
[SourceQuality "1"]
[WhiteTeam "Reval"]
[BlackTeam "Jetsmark"]

1. Nf3 Nf6 2. c4 c5 3. Nc3 Nc6 4. d4 cxd4 5. Nxd4 e6 6. Bf4 d5 7. e3 Bb4 8. Be2 dxc4 9. Nxc6 Qxd1+ 10. Rxd1 bxc6 11. Be5 Nd7 12. Bd6 Bxd6 13. Rxd6 Ke7 14. Rxc6 Rb8 15. Na4 Ne5 16. Rc7+ Bd7 17. f4 Kd6 18. Rxa7 Nc6 19. Ra6 Kc7 20. Bf3 Ra8 21. Rxa8 Rxa8 22. Nc3 Rb8 23. Nd1 Nb4 24. Be2 Nxa2 25. Bxc4 Ba4 26. Bxa2 Bxd1 27. O-O Bc2 28. b3 Ra8 29. Bb1 Bxb3 30. Be4 Bd5 31. Bxd5 exd5 32. Kf2 Kd6 33. Rb1 Ra2+ 34. Kf3 Ra3 35. Rb4 h5 36. h3 g6 37. g4 hxg4+ 38. hxg4 Kc5 39. Rb8 Kd6 40. Rb6+ Kc5 41. Rb8 Kd6 42. g5 Ra2 43. Rb6+ Ke7 44. f5 gxf5 45. Kf4 Ra4+ 46. Kxf5 Re4 47. Rb3 Kf8 48. Rd3 1/2-1/2

[Event "34th European Club Cup 2018"]
[Site "Halkidiki"]
[Date "2018.10.13"]
[Round "2"]
[White "Blomqvist, Erik"]
[Black "Petrov, Marian"]
[Result "1/2-1/2"]
[WhiteElo "2499"]
[BlackElo "2482"]
[Annotator "TA"]
[PlyCount "107"]
[EventDate "2018.10.12"]
[EventType "team-tourn"]
[EventCountry "GRE"]
[SourceTitle "playchess.com"]
[Source "ChessBase"]
[SourceQuality "1"]
[WhiteTeam "Nordstrand"]
[BlackTeam "Eynatten"]

1. e4 c5 2. Nf3 Nc6 3. d4 cxd4 4. Nxd4 Qb6 5. Nb3 Nf6 6. Nc3 e6 7. Qe2 Bb4 8. Bd2 O-O 9. a3 Be7 10. O-O-O d5 11. exd5 Nxd5 12. g3 Nxc3 13. Bxc3 e5 14. Bg2 Be6 15. Bxc6 Qxc6 16. Qxe5 Bf6 17. Qc5 Qxc5 18. Nxc5 Bxc3 19. bxc3 Rac8 20. Ne4 Rc6 21. Rd4 g6 22. Kd2 Ra6 23. Rb1 b6 24. a4 Rc8 25. Nd6 Rc5 26. h4 Kf8 27. Ne4 Rf5 28. f4 Ke7 29. Ng5 Rd5 30. Nxe6 fxe6 31. Rxd5 exd5 32. Rb4 h5 33. c4 Ra5 34. Kd3 Ke6 35. cxd5+ Rxd5+ 36. Rd4 Ra5 37. Rc4 Kf5 38. Ke3 Kg4 39. Kf2 Rd5 40. Rc6 Kf5 41. Kf3 Rd4 42. a5 Rb4 43. Rc7 bxa5 44. Rc5+ Kf6 45. g4 hxg4+ 46. Kxg4 Rb6 47. Rxa5 Rc6 48. Ra2 a5 49. Rxa5 Rxc2 50. Ra6+ Kg7 51. h5 gxh5+ 52. Kg5 Rg2+ 53. Kxh5 Kf7 54. Rb6 1/2-1/2